El futuro democrático de Chile: cuatro visiones políticas
Guardat en:
| Autors principals: | , , , , |
|---|---|
| Altres autors: | , , , |
| Format: | Llibre |
| Idioma: | espanyol |
| Publicat: |
Santiago
Aconcagua
1985
|
| Matèries: | |
| Etiquetes: |
Afegir etiqueta
Sense etiquetes, Sigues el primer a etiquetar aquest registre!
|
MARC
| LEADER | 00000nam a2200000 a 4500 | ||
|---|---|---|---|
| 001 | UCQ1132 | ||
| 003 | CL-VaPUC | ||
| 008 | 980709e19850500CL |||||||||||||||||spa|d | ||
| 082 | 0 | 4 | |a 321.8 |b FLI |2 21 |
| 100 | 0 | |a Flisfich, Angel |e author |9 414726 | |
| 700 | 0 | |a Riesco, Germán |e author |9 268139 | |
| 700 | 0 | |a Yrarrázabal, Juan |e author |9 414727 | |
| 700 | |a Martínez Ocamica, Gutenberg |e autor |9 503610 | ||
| 700 | |a Ortega Riquelme, Eugenio |e autor |9 522171 | ||
| 700 | |a Papi Beyer, Mario |e autor |9 815354 | ||
| 700 | 0 | |a Urzúa, Germán |e author |9 414731 | |
| 700 | |a Lagos Escobar, Ricardo |e author |9 296002 | ||
| 700 | |a Ortiz Romero, Eduardo |e autor |9 767347 | ||
| 245 | 1 | 3 | |a El futuro democrático de Chile: cuatro visiones políticas |
| 300 | |a 206 p | ||
| 942 | |c BK | ||
| 945 | |d 19980709 00:00:00 |a cmena | ||
| 260 | |a Santiago |b Aconcagua |c 1985 | ||
| 650 | 0 | |a Democracia |9 255256 | |
| 650 | 7 | |a SISTEMAS POLITICOS |2 CL-VaPUC |9 414733 | |
| 650 | 0 | |a Desarrollo político |9 323087 | |
| 650 | 0 | |a Partidos políticos |9 254999 | |
| 650 | 0 | |a Democratización |9 316630 | |
| 651 | 7 | |a CHILE |2 CL-VaPUC |9 414734 | |
| 583 | |a last modification |c 19980709 00:00:00 |k Rodrigo Vera | ||
| 999 | |c 272136 |d 272134 | ||
| 952 | |0 0 |1 0 |4 0 |6 321_800000000000000_FLI_1985 |7 0 |8 A |9 307005 |a BIBENE |b BIBENE |d 2019-11-20 |i 1433490 |o 321.8 FLI 1985 |p 1433490 |r 2025-01-15 |w 2019-11-20 |y BK |k ICO | ||